01656aab a2200349 a 4500003000900000008004100009022001400050040001800064041001300082044000700095080001100102245002700113260003600140300004900176505002200225505007200247505006600319505008000385505004500465505009200510505006800602505006600670505007500736505010700811505001300918505008700931505013801018650003101156650001401187700002301201773008201224AR-RoUNA140529||||||||||||||||| |||| 0|||| d a0210-2080 aAR-RoUNAbspa aspaaeng aag a72.03613aOn Diseño /nNº 166 aBarcelona :bOn Diseño,c1996 a195 p. :bdib.bfot. col.bplantasc29x24 cm0 tESPACIOS URBANOS0 aBarba González José /Jardines de Santa Bárbara. Toledo. p. 880 aPuebla Joan / Parque de la Riera. (Polinya. Barcelona). p. 980 tDISEÑOaBallart Francesc. Tevar Grego / Joyería contemporánea.. p 1060 tARQUITECTURA E INTERIORISMO DOMÉSTICOS0 aMiralles y Tagliabue Benedetta/ Restauración de una casa antigua en Barcelona. p. 1180 aPuig Antoni. Juampere José / Apartamento en Barcelona. p. 1360 aSanvisens Carmina / Vivienda unifamiliar en Barcelona. p. 1440 aCorea Mario y Davis David/ Pent House en Saint Louis, Missouri. p. 1520 aSust Xavier y Teixidor Pepita/ Rehabilitación de una vivienda en la Nou de Gaia (Tarragona). p. 1600 tOFICINAS0 aReestructuración de un edificio de oficinas en Madrid Rafael de la Hoz.. p. 1720 aMestre Octavio, arquitectos y asociados / Rehabilitación de un antiguo edificio comercial en Barcelona. Refuncionalización. p.188 aArquitectura contemporanea aUrbanismo1 aLlopis, Carmeedrt aOn DiseñodBarcelona, AramEdiciones S.A.gNº 166 (1995). p.195x0210-2080